[Event "Satu Mare op 2nd"]
[Site "Satu Mare"]
[Date "2011.07.16"]
[Round "3"]
[White "Todoscius, Ioan"]
[Black "Dobre, Claudiu Cristian"]
[Result "0-1"]
[WhiteElo "1958"]
[BlackElo "2353"]
[PlyCount "70"]
[EventDate "2011.07.15"]
[EventType "swiss"]
[EventRounds "9"]
[EventCountry "ROU"]
[SourceTitle "CBM 143 Extra"]
[Source "ChessBase"]
[SourceDate "2011.08.29"]
[SourceVersion "1"]
[SourceVersionDate "2011.08.29"]
[SourceQuality "1"]

1. e4 c6 2. d4 d5 3. e5 Bf5 4. Bd3 Bxd3 5. Qxd3 e6 6. a3 Ne7 7. Ne2 Nd7 8. b4 a5 9. Bd2 axb4 10. Bxb4 c5 11. Bxc5 Nxc5 12. dxc5 Nc6 13. Qb5 Qd7 14. Nf4 Ra5 15. Qe2 Bxc5 16. Nd3 Nd4 17. Qd2 Qa4 18. 0-0 0-0 19. Ra2 Rc8 20. Nxc5 Raxc5 21. c3 Nc6 22. Rb2 Nxe5 23. Rxb7 Rb5 24. Rxb5 Qxb5 25. h3 Nc4 26. Qa2 Ra8 27. Rd1 h6 28. Rd4 Qa4 29. Kh2 Qa7 30. Rf4 Rb8 31. Qa1 Rb2 32. a4 Qb8 33. g3 Rxb1 34. Qa2 Rb2 35. Qa1 g5 0-1